00765nam a2200193 a 450000100100000000500170001000800410002704000250006808200150009310000410010824501170014926000470026630000200031349000140033350000730034783000210042095201130044199900170055400004394420201002045046.0140509s1989 ho 000 0 spa d aDO-SdBNPbspacBNPHU axxxxbxxxx1 aHerrera Cáceres, H. Roberto97188210aDemocracia, desarrollo y paz en Centroamérica :b(las cumbres presidenciales) /cH. Roberto Herrera Cáceres. aTegucigalpa, Honduras :bGuaymuras,c1989. a86 p. ;c21 cm.1 aCódices aIncluye referencias bibliográficas y notas al pie de las páginas 0aCódices971883 001050718MOaGRbGRcCTd2014-05-09iLF1l0oxxxx xxxxp43944-10r2020-06-25w2020-06-25y1ZNo se presta c43433d43433